书目信息 |
| 题名: |
水处理微生物学
|
|
| 作者: | 张漂清 主编 | |
| 分册: | ||
| 出版信息: | 北京 中国水利水电出版社 2007 |
|
| 页数: | 193页 | |
| 开本: | 26cm | |
| 丛书名: | ||
| 单 册: | ||
| 中图分类: | TU991.2 , X703.1 | |
| 科图分类: | ||
| 主题词: | 水处理--生物处理--高等教育--教材 , 水处理 , 生物处理 | |
| 电子资源: | ||
| ISBN: | 978-7-5084-4412-3 | |
| 000 | 01017nam0 2200289 450 | |
| 001 | 003401889 | |
| 005 | 20070807164024.89 | |
| 010 | @a978-7-5084-4412-3@dCNY22.00 | |
| 035 | @a003401889 | |
| 100 | @a20070410d2007 em y0chiy0110 ea | |
| 101 | 0 | @achi |
| 102 | @aCN@b110000 | |
| 105 | @aa z 000yy | |
| 106 | @ar | |
| 200 | 1 | @a水处理微生物学@Ashui chu li wei sheng wu xue@f张漂清主编@Fzhang piao qing zhu bian |
| 210 | @a北京@c中国水利水电出版社@d2007 | |
| 215 | @a193页@c图@d26cm | |
| 300 | @a全国水利水电高职教研会、中国高职教研会水利行业协作委员会规划推荐教材 高职高专土建类专业系列教材 | |
| 330 | @a本书共分9章,内容包括:细菌的形态和结构、细菌的生理特性、细菌的生长和遗传变异、其他微生物、废水生物处理中的微生物及水体污染的指示生物等。 | |
| 606 | 0 | @a水处理@x生物处理@x高等教育@j教材 |
| 606 | 0 | @a水处理 |
| 606 | 0 | @a生物处理 |
| 690 | @aTU991.2@v4 | |
| 690 | @aX703.1@v4 | |
| 701 | 0 | @a张漂清@Azhang piao qing@c(女,@f1962~)@4主编 |
| 801 | 0 | @aCN@bNLC@c20070807 |
| 905 | @dTU991.2@e439@f1 | |
| 水处理微生物学/张漂清主编.-北京:中国水利水电出版社,2007 |
| 193页:图;26cm |
| 全国水利水电高职教研会、中国高职教研会水利行业协作委员会规划推荐教材 高职高专土建类专业系列教材 |
| ISBN 978-7-5084-4412-3:CNY22.00 |
| 本书共分9章,内容包括:细菌的形态和结构、细菌的生理特性、细菌的生长和遗传变异、其他微生物、废水生物处理中的微生物及水体污染的指示生物等。 |
| ● |
| 相关链接 |
|
|
|
|
正题名:水处理微生物学
索取号:TU991.2/439
 
预约/预借
| 序号 | 登录号 | 条形码 | 馆藏地/架位号 | 状态 | 备注 |
| 1 | 0853968 | 208539688 | 第二样本阅览室/ [索取号:TU991.2/439] | 在馆 |